000 00563nam a22002177a 4500
005 20170124110104.0
010 _a528661
020 _c00.00
035 _a528661
037 _bCen Lib/Ret
040 _aDPL
_bEN
082 _aN
_bCHR
100 _aChristie, Kate
_927825
245 _aChild's play /
_cby Kate Christie
260 _aLondon
_bMacmillan and Co
_c1968
270 _bLondon
_alittle essex street
300 _a156p.
_c17cm(Hb)
650 _aLiterature -- fiction
_986387
650 _aEnglish Novels
_986388
942 _2ddc
_cEN
_hN
_mCHR
999 _c129932
_d129932